000 00705nam a2200265 a 4500
003 AR-BaBNM
005 20251128205741.0
008 082120s2002 ||||||||||||||000 | spa||
020 _a950-04-0796-5
040 _cAR-BaBNM
100 1 _aBuscaglia, Leo
245 0 0 _aUn recuerdo para Tino
260 _aBuenos Aires
_bEmecé
_c1988
300 _a50 p.
_bil.
490 0 _aPequeño Emecé
_vv. 11
650 4 _aLIBROS PARA NIÑOS
650 4 _aLITERATURA INFANTIL
650 4 _aCUENTOS DE AVENTURAS
653 _aCUENTOS DE MISTERIO
655 _aLITERATURA
700 1 _aNewson, Carol
_eilustrador
700 1 _aCochella de Córdova, María C.
_etraductor
942 _cBK
998 _cMARTIN
999 _c12670
_d12670